| 000 | 01238cam a2200313 i 4500 | ||
|---|---|---|---|
| 001 | 18903 | ||
| 003 | CO-MdFUSB | ||
| 005 | 20220903090548.0 | ||
| 008 | 220903t2008 sp |||| |||| 00| 0 spa d | ||
| 020 | _a978-84-249-1599-2 | ||
| 040 |
_bspa. _aCO-MdFUSB _cCO-MdFUSB _dCO-MdFUSBC _erda |
||
| 041 | _aspa | ||
| 082 | 0 | 4 | _a A717i |
| 100 | 1 |
_aAristóteles _eAutor |
|
| 245 | 1 | 0 |
_aInvestigación sobre los animales / Aristóteles ; _c/ introducción por Carlos García Gual; traducción y notas por Julio Pallí Bonet |
| 264 | 1 |
_aMadrid : _bGredos, _c[2008] |
|
| 264 | 4 | _c© 2008 | |
| 300 |
_a612 páginas _c; |
||
| 336 |
_2rdacontent _atexto _btxt |
||
| 337 |
_2rdamedia _asin mediación _bn |
||
| 338 |
_2rdacarrier _avolumen _bnc |
||
| 501 | _apasta dura | ||
| 505 | _aIntroducción : Aristóteles investigador de las ciencias de la vida -- Tratados de biología y zoología -- Composición y fecha de la "investigación sobre los animales" -- Sistemática, taxonomía, clasificación de los animales -- Libro I -- Libro II -- Libro III -- Libro IV -- Libro V -- Libro VI -- Libro VIII -- Libro IX -- Libro X | ||
| 653 | _aZoología | ||
| 653 | _aFilosofia | ||
| 653 | _aAristóteles | ||
| 942 | _cBK | ||
| 945 | _aEstudiante | ||
| 999 |
_c45303 _d45303 |
||